Database system concepts /

Guardado en:
Autor Principal: Korth, Henry F.
Otros Autores: Silberschatz, Abraham.
Formato: Libro
Idioma:English
Publicado: New York : McGraw-Hill, c1986.
Series:McGraw-Hill advanced computer science series
Materias:
Etiquetas: Agregar Etiqueta
Sin Etiquetas, Sea el primero en etiquetar este registro!
LEADER 01139cam a2200241 a 4500
001 MAT.inmabb003477
008 860303s1986####nyua#####b####001#0#eng##
005 20130409122707.0
245 1 0 |a Database system concepts /  |c Henry F. Korth, Abraham Silberschatz. 
260 |a New York :  |b McGraw-Hill,  |c c1986. 
300 |a xiv, 546 p. :  |b il. ;  |c 25 cm. 
440 0 |a McGraw-Hill advanced computer science series 
504 |a Bibliografía: p. [505]-532. 
505 0 |a 1. Introduction -- 2. Entity-relationship model -- 3. Relational model -- 4. Network data model -- 5. Hierarchical data model -- 6. Relational database design -- 7. File and system structure -- 8. Indexing and hashing -- 9. Query processing -- 10. Crash recovery -- 11. Concurrency control -- 12. Distributed databases -- 13. Security and integrity -- 14. New database applications -- 15. Case studies. 
020 |a 0070447527 
020 |a 0071005293 
100 1 |a Korth, Henry F. 
700 1 |a Silberschatz, Abraham. 
650 0 |a Database management. 
084 |a 68P15  |2 msc2000 
010 |a  86002904  
040 |a DLC  |c DLC  |d DLC 
859 |h 68  |i K85  |p A-6182  |b BIB. MATEMATICA